|
|
|
|
| LEADER |
01937nam a2200469 4500 |
| 001 |
ocn843196089 |
| 003 |
OCoLC |
| 005 |
20170124071339.4 |
| 006 |
m o d |
| 007 |
cr cnu|||unuuu |
| 008 |
130516s2011 iau o 000 0 eng d |
| 040 |
|
|
|a DG1
|b eng
|e rda
|c DG1
|d CUS
|d CUI
|d NOC
|d OCLCO
|d OCLCF
|d OCLCO
|d OCLCQ
|d YDXCP
|d GrThAP
|
| 019 |
|
|
|a 902649394
|
| 020 |
|
|
|a 9781118704035
|q (electronic bk.)
|
| 020 |
|
|
|a 1118704037
|q (electronic bk.)
|
| 020 |
|
|
|z 9781118691588
|q (print)
|
| 029 |
1 |
|
|a AU@
|b 000051629358
|
| 029 |
1 |
|
|a NZ1
|b 15340589
|
| 029 |
1 |
|
|a GBVCP
|b 790207575
|
| 029 |
1 |
|
|a DEBBG
|b BV043395872
|
| 035 |
|
|
|a (OCoLC)843196089
|z (OCoLC)902649394
|
| 050 |
|
4 |
|a HG177
|b .O64 2011
|
| 082 |
0 |
4 |
|a 658.15/224
|2 23
|
| 049 |
|
|
|a MAIN
|
| 245 |
0 |
4 |
|a The operational plan :
|b how to create a yearlong fundraising plan.
|
| 250 |
|
|
|a 2011/2012 edition.
|
| 264 |
|
1 |
|a Sioux City, Iowa :
|b Stevenson, Inc.,
|c [2011]
|
| 300 |
|
|
|a 1 online resource (60 pages)
|
| 336 |
|
|
|a text
|b txt
|2 rdacontent
|
| 337 |
|
|
|a computer
|b c
|2 rdamedia
|
| 338 |
|
|
|a online resource
|b cr
|2 rdacarrier
|
| 500 |
|
|
|a "Edited by Scott C. Stevenson"--Running title area.
|
| 505 |
0 |
|
|a Begin by Looking Back -- Historical Content -- Goal-Setting Procedures and Considerations -- The Planning Retreat -- Fundraising Strategies to Consider -- Put Your Plan into Written form -- Monitor Progress and Evaluate Success -- Appendix: 2011/2012 Appendix of Forms and Documents.
|
| 588 |
0 |
|
|a Online resource; title from PDF title page (Wiley, viewed on May 16, 2013).
|
| 650 |
|
0 |
|a Fund raising.
|
| 650 |
|
0 |
|a Nonprofit organizations
|x Management.
|
| 650 |
|
7 |
|a Fund raising.
|2 fast
|0 (OCoLC)fst00936143
|
| 650 |
|
7 |
|a Nonprofit organizations
|x Management.
|2 fast
|0 (OCoLC)fst01038913
|
| 655 |
|
4 |
|a Electronic books.
|
| 700 |
1 |
|
|a Stevenson, Scott C.,
|e editor.
|
| 856 |
4 |
0 |
|u https://doi.org/10.1002/9781118704035
|z Full Text via HEAL-Link
|
| 994 |
|
|
|a 92
|b DG1
|